La Puerta del Sol y una novela de Emilio Carrere / (Record no. 67088)

MARC details
000 -LEADER
campo de control de longitud fija 01139nam a2200289 i 4500
001 - NÚMERO DE CONTROL
campo de control 67088
003 - IDENTIFICADOR DE NÚMERO DE CONTROL
campo de control ES-MaACL
005 - FECHA Y HORA DE LA ÚLTIMA TRANSACCIÓN
campo de control 20250806062526.0
007 - CAMPO FIJO DE DESCRIPCIÓN FÍSICA--INFORMACIÓN GENERAL
campo de control de longitud fija t|
008 - DATOS DE LONGITUD FIJA--INFORMACIÓN GENERAL
campo de control de longitud fija 040502s2000 sp ||||1| spa d
040 ## - FUENTE DE CATALOGACIÓN
Centro catalogador/agencia de origen BR-M
080 ## - NÚMERO DE LA CLASIFICACIÓN DECIMAL UNIVERSAL
Número de la Clasificación Decimal Universal 711.6(460.27 M.) Puerta del Sol (0:821.134.2)
080 ## - NÚMERO DE LA CLASIFICACIÓN DECIMAL UNIVERSAL
Número de la Clasificación Decimal Universal 821.134.2 Carrere, Emilio 1.07
100 1# - ENTRADA PRINCIPAL--NOMBRE DE PERSONA
Nombre de persona Montero Padilla, José.
9 (RLIN) 82534
245 13 - MENCIÓN DEL TÍTULO
Título La Puerta del Sol y una novela de Emilio Carrere /
Mención de responsabilidad, etc. por José Montero Padilla.
260 ## - PUBLICACIÓN, DISTRIBUCIÓN, ETC.
Lugar de publicación, distribución, etc. Madrid :
Nombre del editor, distribuidor, etc. Ayuntamiento, Primera Tenencia de Alcaldía :
-- Instituto de Estudios Madrileños,
Fecha de publicación, distribución, etc. 2000.
300 ## - DESCRIPCIÓN FÍSICA
Extensión 19 p. ;
Dimensiones 21 cm.
490 1# - MENCIÓN DE SERIE
Mención de serie Ciclo de conferencias: La Plaza de la Puerta del Sol ;
Designación de volumen o secuencia 4
500 ## - NOTA GENERAL
Nota general Precede al tit.: Centro Mesonero Romanos.
600 14 - PUNTO DE ACCESO ADICIONAL DE MATERIA--NOMBRE DE PERSONA
Nombre de persona Carrere, Emilio-
Subdivisión general Crítica e interpretación.
9 (RLIN) 35692
650 #4 - PUNTO DE ACCESO ADICIONAL DE MATERIA--TÉRMINO DE MATERIA
Término de materia o nombre geográfico como elemento de entrada Puerta del Sol (Madrid)-
Subdivisión general En la literatura.
9 (RLIN) 183087
651 #4 - PUNTO DE ACCESO ADICIONAL DE MATERIA--NOMBRE GEOGRÁFICO
Nombre geográfico Plazas-
Subdivisión geográfica Madrid.
9 (RLIN) 183088
710 2# - ENTRADA AGREGADA--NOMBRE DE ENTIDAD CORPORATIVA
Nombre de entidad corporativa o nombre de jurisdicción como elemento de entrada Instituto de Estudios Madrileños
9 (RLIN) 4916
830 0# - PUNTO DE ACCESO ADICIONAL DE SERIE-TÍTULO UNIFORME
Título uniforme Ciclo de conferencias: La Plaza de la Puerta del Sol ;
Designación de volumen o secuencia 4
9 (RLIN) 183085
852 ## - LOCALIZACIÓN
Ubicación ES-MaACL
Número de control de estantería 2173-F-4
Sublocalización o colección R.133024
Holdings
Estatus retirado Estado de pérdida Estado de daño No para préstamo Colección Biblioteca de origen Biblioteca actual Ubicación en estantería Fecha de adquisición Fuente de adquisición Total de préstamos Signatura topográfica completa Código de barras Visto por última vez Precio de reemplazo Tipo de ítem Koha
        Colección de folletos Biblioteca del Ateneo de Madrid Biblioteca del Ateneo de Madrid Depósito folletos 17/01/2008     2173-F-4 1070263 23/02/2023 23/02/2023 Folleto